000 00289nam a2200121Ia 4500
005 20251222144922.0
008 251222s9999||||xx |||||||||||||| ||spa||
082 _a303.485/K96
100 _aKuroiwa Horiuchi, Julio
245 0 _a¡Alto a los desastres!
264 _bUmbral
942 _cLIB
999 _c22743
_d22743